000 01078cam a2200277 a 4500
001 1143214
003 OSt
005 20150701091441.0
008 950421s1996 caua b 001 0 eng
010 _a 95018735
020 _a0787901520 (acidfree paper)
040 _aSEKU
050 0 0 _aRC 480.55
_b.E33
100 1 _aEcker, Bruce.
245 1 0 _aDepth-oriented brief therapy :
_bhow to be brief when you were trained to be deep--and vice versa /
_cBruce Ecker and Laurel Hulley.
260 _aSan Francisco :
_bJossey-Bass Publishers,
_cc1996.
300 _a288 p. :
_bill.
504 _aIncludes bibliographical references (p. 263-268)
650 0 _aBrief psychotherapy.
650 0 _aPsychodynamic psychotherapy.
700 1 _aHulley, Laurel,
_d1947-
856 4 2 _3Contributor biographical information
_uhttp://www.loc.gov/catdir/bios/wiley042/95018735.html
856 4 2 _3Publisher description
_uhttp://www.loc.gov/catdir/description/wiley034/95018735.html
856 4 _3Table of Contents
_uhttp://www.loc.gov/catdir/toc/onix06/95018735.html
942 _2lcc
_cGEN
999 _c4738
_d4738